| 000 | 00551cam a2200217 4500 | ||
|---|---|---|---|
| 001 | 2236927 | ||
| 005 | 20180822041737.0 | ||
| 008 | 721007s1972 paua b 001 0 eng | ||
| 010 | _a 76173341 | ||
| 020 | _a0721678653 | ||
| 040 |
_aDLC _cDLC _dDLC |
||
| 041 | _aeng | ||
| 080 | _a617 | ||
| 082 | 0 | 0 | _a617 |
| 100 | _a5 | ||
| 101 | _aKIR | ||
| 245 | 0 | 0 | _aTextbook of surgery; |
| 504 | _aIncludes bibliographies. | ||
| 906 |
_a7 _bcbc _corignew _d2 _encip _f19 _gy-gencatlg |
||
| 942 |
_2ddc _cBK |
||
| 999 |
_c47243 _d47243 |
||